Zvyšovanie bezpečnosti na cestách pre nemotorové dopravné prostriedky

Uložené v:
Podrobná bibliografia
Hlavný autor: Gajdoš, Ivan (Autor)
Ďalší autori: Bencel, Rastislav (Vedúci práce)
Médium: Rukopis Kniha
Jazyk:Slovak
Vydavateľské údaje: 2023
Predmet:
On-line prístup:http://is.stuba.sk/zp/portal_zp.pl?podrobnosti=163700
Tagy: Pridať tag
Žiadne tagy, Buďte prvý, kto otaguje tento záznam!

MARC

LEADER 00000ntm a22000003a 4500
001 stuzp92420
003 SK-STU
005 20230909213115.2
007 ta
008 150427s2015----xo-----f-mn---000-0-slo-d
040 |a STU  |b slo 
041 0 |a slo 
100 1 |a Gajdoš, Ivan  |u 070400  |4 aut  |U FIIT Fakulta informatiky a informačných technológií  |T FIIT Ústav počítačového inžinierstva a aplikovanej informatiky  |X 111695  |U I400  |Y 672  |7 111695 
242 0 1 |a Increasing road safety for non-motorized vehicles  |y eng 
245 1 0 |a Zvyšovanie bezpečnosti na cestách pre nemotorové dopravné prostriedky 
260 |c 2023 
650 4 |a automobil  |2 slo 
650 4 |a senzor  |2 slo 
650 4 |a bicykel  |2 slo 
650 4 |a bezpečnosť  |2 slo 
650 4 |a vzdialenosť  |2 slo 
650 4 |a distance  |2 eng 
650 4 |a car  |2 eng 
650 4 |a bicycle  |2 eng 
650 4 |a sensor  |2 eng 
650 4 |a safety  |2 eng 
700 1 |a Bencel, Rastislav  |u 070400  |k Z1  |4 ths  |U FIIT Fakulta informatiky a informačných technológií  |T FIIT Ústav počítačového inžinierstva a aplikovanej informatiky  |X 64492  |U I400  |Y 672  |7 64492 
856 4 |u http://is.stuba.sk/zp/portal_zp.pl?podrobnosti=163700